| 000 | 01990nam a2200277Ia 4500 | ||
|---|---|---|---|
| 999 |
_c40037 _d40037 |
||
| 001 | 6643 | ||
| 003 | GE_BSU | ||
| 005 | 20191209102941.0 | ||
| 008 | 181216s2010||||ge |||||||||||||| ||geo|| | ||
| 020 | _a9789941171512 | ||
| 040 | _cGE_BSU | ||
| 041 | _ageo | ||
| 080 | _a39(100) შ-19 | ||
| 100 |
_aშამილაძე, ვახტანგ _91457 |
||
| 245 |
_aახალი და უახლესი თეორიული მიმდინარეობანი ეთნოლოგიაში XIX საუკუნის მეორე ნახევარსა და XX საუკუნეში = Новые и новейшие теоретические течения в этнологии во второй половине XIX-XX в. = New theoretical directions in ethnology in the second half of the 19 th - 20 th century : _bპრიმორდიალიზმი, პასიონარიზმი, რაციონალურ-ინსტრუმენტალისტური ორიენტაცია, კონსტრუქტივიზმი : [მონოგრაფია] / _cვახტანგ შამილაძე ; რედ. ელდარ ნადირაძე. |
||
| 264 |
_aთბილისი : _bუნივერსალი, _c2010. |
||
| 300 |
_a83 გვ. ; _b20 სმ. |
||
| 500 | _aტექსტი ქართ., რუს. და ინგლ. | ||
| 504 | _a ბიბლიოგრ.: გვ. 79-82. | ||
| 653 | _aეთნოლოგია | ||
| 653 | _aეთნოსების ურთიერთობა | ||
| 653 | _aეთნოსთა წარმომავლობა | ||
| 700 |
_aნადირაძე, ელდარ _eრედაქტორი _95722 |
||
| 710 |
_aშოთა რუსთაველის სახელმწ. უნ-ტი _b ნიკო ბერძენიშვილის ინ-ტი _91821 |
||
| 942 |
_cBK _2udc |
||